[Event "Muenster"]
[Site "Muenster"]
[Date "1992.??.??"]
[Round "3"]
[White "Libeau, Rene"]
[Black "Blatny, Pavel"]
[Result "0-1"]
[WhiteElo "2420"]
[BlackElo "2515"]
[Annotator "Blatny,P"]
[PlyCount "48"]
[EventDate "1992.07.??"]
[EventType "tourn"]
[EventRounds "11"]
[EventCountry "GER"]
[EventCategory "8"]
[SourceTitle "CBM 031"]
[Source "ChessBase"]
[SourceDate "1992.12.01"]
[SourceVersion "1"]
[SourceVersionDate "1992.12.01"]
[SourceQuality "1"]

1. c4 e5 2. Nc3 Nc6 3. g3 g6 4. Bg2 Bg7 5. d3 f5 6. Nf3 Nf6 7. O-O O-O 8. Rb1
a5 9. a3 d6 10. b4 axb4 11. axb4 h6 (11... Nh5 12. Nd5 f4 $1 13. Bb2 Bg4 $36 {
>> Ree-Nikolic,P Amsterdam 1984}) 12. b5 Ne7 13. Bb2 (13. Ne1 c6 14. Nc2 d5 15.
bxc6 bxc6 16. cxd5 cxd5 17. Ba3 Be6 18. Rb7 Rf7 $10 {Ljubojevic-Short,
Brussels 5' 1987}) (13. c5 Be6 14. Bd2 Nd7 $1 15. cxd6 cxd6 16. Na4 b6 17. Bb4
Nc5 18. Bxc5 dxc5 19. Qc2 Ra7 20. Nd2 Nd5 $15 {(),^^ Akopian-Anand, Belgrade
GMA-op 1988}) (13. Bd2 g5 14. c5 Be6 15. b6 c6 16. cxd6 Qxd6 17. Qc2 f4 18. Na4
Nfd5 19. Nc5 Bc8 20. Rfc1 Nf5 21. g4 $13 {Kestler-Brunner, BL 87/88}) 13... g5
(13... Be6 14. Ra1 Rc8 15. Ne1 (15. Ra7 b6 16. Qc2 g5 17. Rfa1 f4 18. Nd2 fxg3
19. hxg3 Qe8 20. Nce4 Ng4 21. Nf1 Nf5 22. e3 Qg6 23. Rb7 Nh4 $3 $40 {
Schneider-Short, Solingen 1986}) 15... b6 16. Nc2 d5 17. cxd5 Nfxd5 18. Nxd5
Nxd5 19. Ra7 Qd7 20. Qa1 $1 $14 {Schneider-Neurohr, BL 88/89}) 14. Qb3 (14. Ra1
Rxa1 15. Qxa1 {1/2:1/2 Grivas-Georgiev,Kr Athens 1991}) 14... Ng6 15. Ra1 (15.
c5+ d5 $5 {/\Be6=/+} (15... Kh7)) 15... Rxa1 16. Rxa1 Be6 17. Ra7 $6 (17. Nd2
$142 b6 18. Ra8 {/\Rxf8=}) 17... Nd7 $1 18. Ba3 $2 {צa7,><f2;/^g1-a7+/^h8-a1;
<->f} (18. Nd2 e4 $1 19. Nd1 $1 (19. dxe4 Bd4 $1 {/\Nc5,f4->}) 19... Nc5 $15)
18... e4 $1 19. dxe4 (19. Nd2 Bd4 20. Ra5 (20. Rxb7 Qc8 $1 21. dxe4 f4 $1 $19)
20... e3 21. fxe3 Bxe3+ 22. Kh1 f4 $40) 19... g4 $1 20. exf5 (20. Nd2 Bd4 21.
Ra5 f4 $1 22. gxf4 Nxf4 {/\Qh4-+}) 20... Rxf5 $19 21. Rxb7 $5 gxf3 22. exf3 Qf6
$1 23. Rxc7 (23. Bb2 Rxf3 $1 $19) 23... Rxf3 $1 24. Bb2 Rxf2 {/\Rxg2+!,Bh3+!,
Qf1+,Nf6#} 0-1

[Event "Yerevan"]
[Site "Yerevan"]
[Date "1989.??.??"]
[Round "?"]
[White "Spiridonov, Nikola"]
[Black "Akopian, Vladimir Eduardovic"]
[Result "0-1"]
[WhiteElo "2390"]
[BlackElo "2520"]
[Annotator "Bulletin"]
[PlyCount "94"]
[EventDate "1989.05.??"]
[EventType "tourn"]
[EventRounds "11"]
[EventCountry "URS"]
[EventCategory "12"]
[SourceTitle "CBM 014"]
[Source "ChessBase"]
[SourceDate "1990.02.01"]
[SourceVersion "1"]
[SourceVersionDate "1990.02.01"]
[SourceQuality "1"]

1. c4 e5 2. g3 Nf6 3. Bg2 g6 4. Nc3 Bg7 5. Nf3 Nc6 6. O-O O-O 7. Rb1 a5 8. a3
d6 9. d3 Nd4 10. b4 axb4 11. axb4 c6 12. b5 Bg4 13. bxc6 bxc6 14. e3 $2 {
>= 14.Re1} (14. Nxd4 $1 exd4 15. Ne4 Nxe4 16. dxe4) 14... Nxf3+ 15. Bxf3 Bxf3
16. Qxf3 d5 17. cxd5 cxd5 18. e4 (18. d4 e4 19. Qe2) 18... Qa5 $1 19. Rb3 (19.
Nxd5 Nxd5 20. exd5 Rfd8) (19. Bd2 d4 20. Nd5 Qxd2 21. Nxf6+ Bxf6 22. Rfd1 $1
Qg5 23. h4) 19... d4 20. Nb1 Rfc8 21. Ra3 (21. Nd2 $2 Rxc1 $1) (21. Na3 Qa4 22.
Qd1 Rxc1 23. Rb8+ Bf8) 21... Qb4 22. Rxa8 Rxa8 23. Nd2 Nd7 24. Nc4 Nc5 25. Rd1
Qb3 26. Kg2 Ra1 27. Qg4 h5 28. Qc8+ Kh7 29. Nb2 Qc2 30. Bh6 Rxd1 31. Bxg7 Kxg7
32. Nxd1 Nxd3 $1 33. Qxc2 Ne1+ 34. Kf1 Nxc2 35. Ke2 Nb4 36. f4 Kf6 37. h4 Ke6
38. Nb2 f6 39. Nc4 Na6 40. Kf3 Nc5 41. fxe5 fxe5 42. Nd2 Nd7 43. g4 Kd6 44. g5
Kc5 45. Ke2 Kb4 46. Kd3 Nc5+ 47. Kc2 d3+ 0-1

[Event "BCF-ch 82nd"]
[Site "Swansea"]
[Date "1995.??.??"]
[Round "3"]
[White "Ledger, Andrew"]
[Black "Hebden, Mark"]
[Result "0-1"]
[WhiteElo "2410"]
[BlackElo "2570"]
[Annotator "Bulletin"]
[PlyCount "94"]
[EventDate "1995.08.??"]
[EventType "swiss"]
[EventRounds "11"]
[EventCountry "WLS"]
[SourceTitle "EXT 1997"]
[Source "ChessBase"]
[SourceDate "1996.11.15"]
[SourceVersion "1"]
[SourceVersionDate "1996.11.15"]
[SourceQuality "1"]

1. Nf3 Nf6 2. c4 g6 3. g3 Bg7 4. Bg2 O-O 5. O-O Nc6 6. Nc3 d6 7. d3 e5 8. Rb1
a5 9. b3 {Taking Mark out of the normal theoretical continuation 9 a3.} Re8 10.
Bb2 h6 11. e3 Be6 12. d4 exd4 13. Nxd4 (13. exd4 d5) 13... Nxd4 14. Qxd4 Bf5
15. Rbc1 Ne4 16. Qd1 Nc5 17. Qd2 c6 18. Rcd1 Qb6 19. Qe2 (19. Qxd6 Rad8 20. Qf4
Nd3) 19... Qb4 20. Nb1 (20. Rxd6 Nxb3 {this is classic King's Indian type play
by Hebden, Black's activity outweighs any possible weakness of d6 and White is
gradually forced back.}) 20... Bxb2 21. Qxb2 a4 22. Nd2 axb3 23. axb3 Na4 {[#]}
24. Qd4 Nc3 25. Rde1 Ra2 26. e4 Bg4 27. f3 Be6 28. Rf2 Nb5 {[#]} 29. Qe3 Na3
30. Qxh6 Nc2 31. e5 $1 Bf5 (31... Nxe1 32. Ne4) 32. Re4 Rxe5 33. Rh4 Re1+ 34.
Bf1 Qc3 35. Ne4 (35. Qh7+ Kf8 36. Qh6+ Ke8 37. Qh8+ Qxh8 38. Rxh8+ Kd7 {
and the threats of Ne3 or Nd4 leave White without a good move e.g.} 39. Ne4 Ne3
40. Rxa2 Rxf1#) 35... Qd4 36. Qh7+ Kf8 37. Qh6+ Ke8 38. Nd2 Qe5 39. Qh7 Kf8 40.
Qh6+ Ke7 41. Ne4 Ne3 42. Qg5+ Kd7 43. Nf6+ Kc7 44. Rh8 Rxf2 45. Nd5+ cxd5 46.
Qd8+ Kc6 47. cxd5+ Nxd5 0-1

[Event "Interpolis-03"]
[Site "Tilburg"]
[Date "1979.11.07"]
[Round "6"]
[White "Portisch, Lajos"]
[Black "Sax, Gyula"]
[Result "1/2-1/2"]
[WhiteElo "2640"]
[BlackElo "2590"]
[Annotator "Bulletin"]
[PlyCount "92"]
[EventDate "1979.11.01"]
[EventType "tourn"]
[EventRounds "11"]
[EventCountry "NED"]
[EventCategory "15"]
[SourceTitle "MCL"]
[Source "ChessBase"]
[SourceDate "1999.07.01"]
[SourceVersion "1"]
[SourceVersionDate "1999.07.01"]
[SourceQuality "1"]

1. c4 e5 2. Nc3 Nc6 3. g3 g6 4. Bg2 Bg7 5. e4 d6 6. Nge2 f5 7. d3 Nh6 8. h4 Nf7
9. h5 g5 10. exf5 Bxf5 11. Bd5 $5 h6 $8 (11... O-O 12. h6) 12. Be3 Qd7 13. Qb3
$2 (13. Qd2 Nd4 14. O-O-O (14. Bxb7 c6 $1) 14... c6 15. Bg2 Bg4 16. f4 gxf4 17.
gxf4 O-O-O $13) 13... Nd4 $1 14. Bxd4 exd4 15. Qxb7 (15. Bxb7 Rb8 16. Bc6 Rxb3
17. Bxd7+ Kxd7 18. axb3 dxc3 19. Nxc3 Ne5 20. Kd2 Nxd3 21. Rxa7 Bd4 $17) (15.
Ne4 c6 16. Bxf7+ Kxf7 17. c5+ Be6 18. Qa3 dxc5 19. Nxc5 Rhd8 $15) 15... O-O 16.
Bc6 (16. Ne4 Rab8 17. Qxa7 Rxb2 18. Nxd4 Bg4 19. f3 Rb6 20. fxg4 Bxd4 21. Rd1
Qxg4 22. Rf1 Rb2 23. Bxf7+ Rxf7 24. Qa8+ Kg7 25. Rxf7+ Kxf7 26. Qd5+ Ke7 $19)
16... Qe6 17. Bd5 (17. Ne4 Rab8 18. Qxa7 (18. Qxc7 Rbc8 19. Qb7 Nd8 $19) 18...
Ne5 $1 19. Bd5 Nxd3+ 20. Kd2 (20. Kf1 Qxd5 21. Nf6+ Bxf6 22. cxd5 Be4 23. Rh2
Rxb2 24. Nxd4 Rb4 $17) 20... Rxb2+ 21. Kxd3 Bxe4+ 22. Bxe4 Qg4 $1 23. Nxd4 Bxd4
$1 $19) 17... Qf6 18. Ne4 Bxe4 19. Bxe4 Rab8 20. Qd5 (20. Qxc7 Ne5 {/\21...
Df2, 21... Tb2}) 20... Rxb2 21. f4 Kh8 (21... c6 22. Qxc6 Ne5 23. Qd5+ Kh8 24.
O-O Ng4 25. Rfe1 Ne3 26. Qc6 Rxe2 27. Rxe2 gxf4 28. Rf2 Qg5 29. Bg2 Qxg3 30.
Qf3 Qg5 $13) 22. c5 (22. fxg5 Qxg5 23. Qxg5 Nxg5 24. Nf4 Nxe4 25. Ng6+ $2 Kg8
26. Nxf8 Nf2 $19) (22. Qf5) 22... dxc5 23. Qxc5 Nd6 24. Rd1 Nxe4 (24... Qe6 {
/\25... Dg4} 25. Qd5 Qg4 26. Bf3 Rxe2+ 27. Kxe2 Qxg3 $17) 25. dxe4 Qe6 26. e5
Qg4 $2 (26... Qxa2 27. Nxd4 Rg2 $1 28. Rf1 Rxg3 $19) 27. Rh2 gxf4 (27... d3 $5
28. Rxd3 gxf4 29. gxf4 Rxf4 30. Nxf4 (30. Rd8+ Kh7 31. Qd5 Rf8 $13) 30... Rxh2
(30... Rb1+ 31. Kd2 (31. Kf2 Qxf4+ 32. Ke2 Qxh2+ $19) 31... Qxf4+ 32. Re3 (32.
Kc3 Bxe5+ $19) 32... Qxh2+ 33. Kd3 Rd1+ 34. Ke4 $19) 31. Qe3 Rh1+ 32. Kf2 $13)
(27... Rxe2+ 28. Rxe2 Qxg3+ 29. Kd2 gxf4 {/\30... f3}) 28. Qxd4 Rxa2 (28...
Rxe2+ 29. Rxe2 Qxg3+ 30. Qf2 $13) 29. gxf4 c5 30. Qe4 (30. Qxc5 $2 Rxf4 31.
Nxf4 Rxh2) 30... Rb2 (30... Rxe2+ 31. Qxe2 Qg1+ 32. Kd2 Rd8+ 33. Kc1 Rxd1+ 34.
Qxd1 Qxh2 35. Qd8+ Kh7 36. Qd3+ Kg8 37. Qd5+ Kh7 38. Qd3+ $10) 31. Rd2 Rb4 32.
Qg6 Rbxf4 33. Nxf4 Qxf4 34. Rhf2 Qe3+ (34... Qxe5+ 35. Kf1 {/\Td7+/=}) 35. Rfe2
Qc3 36. Qe4 $1 c4 37. Re3 Qa1+ 38. Rd1 Qa5+ 39. Ke2 c3 40. Rf3 Re8 (40... Rc8
$1 $15) 41. Kf1 Qb5+ 42. Kg2 Bxe5 43. Rf5 $1 (43. Rd5 Qb2+ 44. Rf2 Rg8+ 45. Kh3
Rg3+ 46. Kh4 Qxf2 $19) 43... Qb2+ 44. Rf2 Qb8 (44... Rg8+ $4 45. Kh1 $1 $18)
45. Rd7 Bg7 46. Re7 Rxe7 1/2-1/2

[Event "POL-ch 52nd"]
[Site "Warsaw"]
[Date "1995.??.??"]
[Round "13"]
[White "Weglarz, Leszek"]
[Black "Socko, Bartosz"]
[Result "0-1"]
[WhiteElo "2365"]
[BlackElo "2385"]
[Annotator "Bulletin"]
[PlyCount "78"]
[EventDate "1995.02.11"]
[EventType "tourn"]
[EventRounds "17"]
[EventCountry "POL"]
[EventCategory "8"]
[SourceTitle "EXT 1999"]
[Source "ChessBase"]
[SourceDate "1998.11.16"]
[SourceVersion "1"]
[SourceVersionDate "1998.11.16"]
[SourceQuality "1"]

1. Nf3 Nf6 2. c4 g6 3. g3 Bg7 4. Bg2 d6 5. O-O O-O 6. Nc3 e5 7. d3 Nc6 8. Rb1
a5 9. a3 h6 10. b4 axb4 11. axb4 Be6 12. b5 Ne7 13. Bd2 Nd7 14. Ne1 Qc8 15. Nc2
f5 16. Nb4 Nf6 17. Ra1 Rb8 18. Nbd5 Nfxd5 19. cxd5 Bd7 20. f4 exf4 21. gxf4 g5
22. Qc1 Ng6 (22... gxf4) 23. fxg5 f4 24. Ne4 $5 Bh3 25. Bxh3 Qxh3 26. Rf3 Qg4+
27. Kh1 Nh4 28. Qg1 Qxg1+ 29. Rxg1 Nxf3 30. exf3 h5 31. Kg2 Rf5 32. Rc1 Rxd5
33. Rxc7 Rf8 34. Bb4 Be5 35. Rxb7 Rxd3 36. Rd7 $2 (36. b6 Rd4 37. Ba3 Ra8 38.
Ra7 Rxa7 39. bxa7 Ra4 40. Bxd6 Bxd6 41. Nxd6 $11) 36... Ra8 $1 37. Bxd6 Ra2+
38. Kh3 Rxf3+ 39. Ng3 fxg3 0-1

[Event "Lopota FIDE GP (Women)"]
[Site "Lopota"]
[Date "2014.06.25"]
[Round "6"]
[White "Zhao, Xue"]
[Black "Dzagnidze, Nana"]
[Result "0-1"]
[WhiteElo "2538"]
[BlackElo "2541"]
[Annotator "CB"]
[PlyCount "86"]
[EventDate "2014.06.19"]
[EventType "tourn"]
[EventRounds "11"]
[EventCountry "GEO"]
[EventCategory "11"]
[SourceTitle "CBM 161 Extra"]
[Source "ChessBase"]
[SourceDate "2014.08.29"]
[SourceVersion "1"]
[SourceVersionDate "2014.08.29"]
[SourceQuality "1"]

{Zhao Xue certainly seems out of shape in this tournament. From an interesting
position that was very complicated from a strategical point of view she kept
making mistake after mistake until her position simply collapsed.} 1. c4 e5 2.
Nc3 Nc6 3. Nf3 g6 4. g3 Bg7 5. Bg2 d6 6. Rb1 Nf6 7. b4 a6 8. O-O O-O 9. a4 Be6
10. d3 h6 11. b5 axb5 12. axb5 Ne7 13. Bb2 Nd7 14. Nd2 c6 15. Ra1 Qc7 16. Qb1
Nb6 17. Qc2 f5 18. Nb3 c5 19. Ra5 e4 20. Rfa1 Rxa5 21. Nxa5 Kh7 22. dxe4 Nxc4
23. Nxc4 Bxc4 24. exf5 Nxf5 25. e3 Qf7 26. Ra7 d5 27. Qd2 Bxc3 28. Bxc3 Nd6 29.
Ba1 Nxb5 30. Ra5 b6 31. Ra4 Nd6 32. Qb2 b5 33. Ra6 Nf5 34. Rc6 Qe7 35. Qa3 d4
36. e4 $2 (36. Qxc5 Qxc5 37. Rxc5 $11) 36... d3 37. Qa5 Ng7 38. Bc3 Ne6 39. f4
$2 b4 40. Bd2 Qd7 41. Qb6 Qd4+ 42. Kf1 Qa1+ 43. Kf2 Qd1 0-1

[Event "Bishkek zt"]
[Site "Bishkek"]
[Date "1993.??.??"]
[Round "?"]
[White "Serper, Grigory"]
[Black "Graf, Alexander"]
[Result "0-1"]
[WhiteElo "2590"]
[BlackElo "2565"]
[Annotator "Chekhov,V"]
[PlyCount "122"]
[EventDate "1993.??.??"]
[EventType "tourn"]
[EventRounds "13"]
[EventCountry "KGZ"]
[EventCategory "7"]
[SourceTitle "CBM 035"]
[Source "ChessBase"]
[SourceDate "1993.08.01"]
[SourceVersion "1"]
[SourceVersionDate "1993.08.01"]
[SourceQuality "1"]

1. c4 {Ribli} g6 2. e4 e5 $5 3. Nf3 (3. d4 Nf6 4. Nf3 (4. dxe5 Nxe4 5. Bd3 Nc5
6. Nf3 d6 7. Bc2 Nc6 8. exd6 Bxd6 9. Qe2+ Qe7 $10 {Quinteros-Jansa/Biel izt/
1985/}) 4... exd4 5. e5 Bb4+ 6. Bd2 Qe7 7. Bxb4 Qxb4+ 8. Qd2 Qxd2+ 9. Nbxd2 Nh5
10. Nxd4 f6 $10 {Polugaevsky-Timman/Bugojno/1980/}) (3. d4 $5 {Ribli}) 3... Bg7
(3... d6 $6 {Ribli} 4. d4 $1) 4. Nc3 (4. d4 exd4 5. Nxd4 Nf6 6. Nc3 O-O 7. Be2
Re8 8. f3 c6 9. Nc2 d5 $1 10. cxd5 cxd5 11. Bg5 $1 h6 12. Bxf6 Qxf6 13. Qxd5
Be6 14. Qb5 Nc6 $44 {Gross,S-Stohl,I/Rimavska Sobota/1991/}) 4... Nc6 5. g3 d6
6. Bg2 Nge7 7. d3 O-O 8. Nd5 (8. O-O Bg4 9. h3 Bxf3 10. Bxf3 Nd4 11. Bg2 c6 $10
) (8. h3 h6 9. O-O f5 $10) (8. h3 $5 {Ribli}) 8... Bg4 9. h3 Bxf3 10. Bxf3 Nd4
11. Nxe7+ Qxe7 12. Bg2 c6 13. O-O f5 14. exf5 $6 (14. f4 exf4 (14... Rae8 {
Ribli}) 15. gxf4 Rae8 $13) 14... gxf5 15. Qh5 Qe8 (15... f4 $6 16. Be4 $1) 16.
Qxe8 Raxe8 17. Be3 Ne6 $1 $15 18. Rfd1 (18. Bxa7 $5 f4 (18... Ra8 {Ribli} 19.
Be3 f4 20. Bd2 f3 21. Bh1 Nc5 $17) 19. Bb6 Ra8 20. a4 $13) (18. f4 $6 exf4 19.
gxf4 Bxb2 20. Rab1 Bd4 21. Bxd4 Nxd4 22. Rxb7 Rf7 $17) 18... f4 19. Bd2 Bf6 (
19... fxg3 20. fxg3 e4 $5) 20. a4 $6 (20. Rab1 $5 $15) 20... fxg3 21. fxg3 e4
$1 22. Be3 (22. Bc3 Bxc3 23. bxc3 exd3 24. Rxd3 Nc5 25. Rxd6 Re3 $17) (22. Bxe4
Bxb2 23. Rab1 Bd4+ 24. Kg2 Nc5 $17) (22. dxe4 Bxb2 23. Rab1 Bd4+ 24. Kh1 Re7
$17) 22... exd3 23. Rxd3 Nc5 $1 (23... Bxb2 $6 24. Rb1 Be5 25. Rxb7 $13) 24.
Bxc5 $8 dxc5 $17 25. Rf1 (25. Rd2 Re3 26. g4 $8 Bd4) (25. Rd7 $5 Bxb2 26. Rb1
Bd4+ 27. Kh2 $17) (25. Rb1 {Ribli} Bd4+ 26. Kh1 Re2 $17) 25... Bxb2 26. Rd7
Bd4+ 27. Kh2 Rxf1 28. Bxf1 Rb8 $1 29. h4 a6 30. Rc7 h6 31. Bh3 (31. Bd3 $5 {
Ribli}) 31... b5 $1 32. Rxc6 (32. cxb5 cxb5 33. axb5 axb5 $17) 32... b4 33.
Rxa6 b3 34. Bf5 b2 35. Bb1 Rb4 36. a5 Rxc4 $1 37. Rxh6 (37. Ba2 {Ribli} Kf8 $19
) 37... Rc1 38. Be4 b1=Q 39. Bxb1 Rxb1 40. Rc6 Kf7 41. a6 Ra1 42. h5 Ra4 (42...
Ke7 $5) (42... Ke7 $5 {Ribli}) 43. g4 Ke7 44. g5 Kd7 45. Rb6 (45. Rg6 c4 $19)
45... c4 46. Rb7+ Kc6 47. g6 Ra5 $1 48. Rb4 Kd5 (48... Rxh5+ $2 {Ribli} 49. Kg3
Kc5 $2 50. a7 Rh8 51. Rb8 Be5+ 52. Kg4 Rxb8 53. axb8=Q Bxb8 54. g7 c3 55. g8=Q
c2 56. Qc8+ $18) 49. Kh3 (49. h6 Rxa6 50. g7 Rxh6+ 51. Kg2 Bxg7) 49... Rxa6 50.
Kg4 Rc6 (50... c3 51. Rxd4+ Kxd4 52. g7 Ra8 53. h6 c2 54. h7 c1=Q $19) 51. Kf5
Bg7 52. Rb7 c3 $1 53. Rxg7 c2 54. Rd7+ Kc5 $8 55. g7 c1=Q 56. g8=Q Qf1+ 57. Ke4
Qe2+ 58. Kf4 Rf6+ 59. Kg5 Qe5+ 60. Kg4 Rf4+ 61. Kh3 Qxh5+ 0-1

[Event "Montreal International"]
[Site "Montreal"]
[Date "1979.05.06"]
[Round "18"]
[White "Karpov, Anatoly"]
[Black "Kavalek, Lubomir"]
[Result "1/2-1/2"]
[WhiteElo "2705"]
[BlackElo "2590"]
[Annotator "ChessBase"]
[PlyCount "23"]
[EventDate "1979.04.11"]
[EventType "tourn"]
[EventRounds "18"]
[EventCountry "CAN"]
[EventCategory "15"]
[SourceTitle "MCL"]
[Source "ChessBase"]
[SourceDate "1999.07.01"]
[SourceVersion "1"]
[SourceVersionDate "1999.07.01"]
[SourceQuality "1"]

1. c4 e5 2. Nc3 d6 3. g3 g6 4. Bg2 Bg7 5. e4 Nc6 6. d3 Be6 7. Nge2 Qd7 8. Nd5
f5 9. Rb1 (9. O-O Nf6 10. Bg5 O-O 11. Qd2 Rf7 $1 12. Rae1 Raf8 $10 {
Liberzon-Smyslov/Moscow/1967/}) 9... Nf6 10. Bg5 O-O 11. O-O Nh5 12. Qd2
1/2-1/2

[Event "Montreal International"]
[Site "Montreal"]
[Date "1979.04.14"]
[Round "4"]
[White "Larsen, Bent"]
[Black "Portisch, Lajos"]
[Result "0-1"]
[WhiteElo "2620"]
[BlackElo "2640"]
[Annotator "ChessBase"]
[PlyCount "78"]
[EventDate "1979.04.11"]
[EventType "tourn"]
[EventRounds "18"]
[EventCountry "CAN"]
[EventCategory "15"]
[SourceTitle "MCL"]
[Source "ChessBase"]
[SourceDate "1999.07.01"]
[SourceVersion "1"]
[SourceVersionDate "1999.07.01"]
[SourceQuality "1"]

1. c4 e5 2. Nc3 Nf6 3. Nf3 Nc6 4. d3 d6 5. g3 g6 6. Bg2 Bg7 7. Rb1 a5 8. a3 Nd4
(8... O-O 9. O-O Nd4 10. Nd2 c6 11. b4 axb4 12. axb4 Bg4 (12... d5 $142 $1 $10)
13. h3 $14 {Larsen,B-Portisch,L/Biel/1976/}) 9. b4 axb4 10. axb4 c6 11. b5 O-O
12. bxc6 bxc6 13. Nxd4 (13. Nd2 d5) 13... exd4 14. Ne4 (14. Bxc6 $2 Ra6) 14...
Nxe4 15. Bxe4 Ra6 16. O-O Bg4 17. Bf4 f5 $1 18. Bg2 g5 $1 19. Bd2 f4 20. Rb7
Qc8 21. Qb1 Be5 (21... Bxe2 22. Re1 f3 (22... Bxd3 23. Rxg7+) 23. Bxg5 Qf5 $40
24. Rxg7+ Kxg7 25. Qb7+ Rf7 26. Qxa6 Qxg5 {/\Qd2} 27. Qa1 c5) 22. gxf4 (22. Bf3
$5) 22... gxf4 23. Kh1 Ra1 $1 (23... Bxe2 $2 24. Rg1 $1) 24. Qxa1 Qxb7 25. Be4
Kh8 26. Rg1 Bxe2 27. Qe1 (27. f3 d5 28. cxd5 cxd5 29. Qa5 Bg7 30. Bxd5 (30.
Qxd5 Qxd5 31. Bxd5 Bxd3) 30... Bxf3+) 27... Bh5 (27... f3 $5 28. Rg5 Qf7 29.
Bxc6 Rg8 $13) 28. c5 $1 Rg8 (28... dxc5 29. Rg5) 29. Rxg8+ Kxg8 30. cxd6 Bxd6
31. Qc1 f3 32. Bxc6 Qc7 33. Qc4+ Bf7 34. Qb5 Bf4 35. Bb4 Qc8 36. Qc5 Bh6 37.
Bxf3 Qh3 38. Bg2 (38. Be2 $142) 38... Qxd3 39. Qc8+ Kg7 $22 {White lost on
time having had one minute to play his 40th!} (39... Kg7 40. Qf8+ (40. Bf8+ Kf6
41. Qd8+ Kf5 $10 42. Bxh6 $2 Qd1+ 43. Bf1 Qxf1#) 40... Kg6 41. Qd6+ Kf5 42.
Qc5+ $10) 0-1

[Event "Montreal International"]
[Site "Montreal"]
[Date "1979.05.02"]
[Round "16"]
[White "Huebner, Robert"]
[Black "Spassky, Boris Vasilievich"]
[Result "0-1"]
[WhiteElo "2595"]
[BlackElo "2640"]
[Annotator "ChessBase"]
[PlyCount "90"]
[EventDate "1979.04.11"]
[EventType "tourn"]
[EventRounds "18"]
[EventCountry "CAN"]
[EventCategory "15"]
[SourceTitle "MCL"]
[Source "ChessBase"]
[SourceDate "1999.07.01"]
[SourceVersion "1"]
[SourceVersionDate "1999.07.01"]
[SourceQuality "1"]

1. c4 e5 2. Nc3 d6 3. g3 (3. d4 $5 exd4 4. Qxd4 $13) 3... g6 4. Bg2 Bg7 5. d3
f5 6. e4 Nc6 (6... Nf6 7. Nge2 O-O 8. O-O c6 9. exf5 Bxf5 10. d4 $1 $14) 7.
Nge2 Nh6 8. Nd5 O-O 9. O-O Be6 10. b3 (10. Rb1 {/\b4 normal idea}) (10. b4 $5)
(10. f4 $5) 10... g5 {/\f5-f4} (10... f4 $2 11. gxf4 exf4 12. Bxf4 $1 Bxa1 13.
Qxa1 $44) 11. exf5 Nxf5 12. Bb2 Qd7 13. Qd2 h6 14. Rae1 $6 (14. b4 $5 Rae8 15.
b5 Nd8 16. Qa5 c6 17. bxc6 bxc6 (17... Nxc6 {><d5}) 18. Nb4 $14) 14... Rae8 15.
b4 Nd8 (15... Ncd4 $6 16. b5 c6 17. bxc6 bxc6 18. Nb4 {/\19.Nd4 Nd4 20.Bd4,
21Bc6}) 16. b5 c6 17. bxc6 bxc6 18. Nb4 Qc7 $1 (18... d5 $6 19. cxd5 cxd5 20.
Nc3 d4 21. Ne4) 19. Nc1 Bd7 20. Nb3 Ne6 21. Nc2 Qb6 22. Ba3 Qd8 23. Rb1 (23.
Bb2 Qb6 $10) (23. g4 $2 Nh4 24. Bxd6 Nf4 $17) (23. h3 $1) 23... g4 $1 24. Na5
c5 25. Nc6 Qf6 $1 (25... Qc7 26. Rb7 Qxb7 27. Ne7+ $19) 26. Rb7 $5 (26. Nxa7 $6
Nfd4 27. Nxd4 Nxd4 $44 {><f3}) 26... Bc8 27. Rxa7 $5 Ng5 $44 28. Qe2 Kh8 29.
Bc1 Nh3+ 30. Bxh3 $6 (30. Kh1 $142 $5 Nd4 (30... Nf4 $5) 31. N6xd4 {31.Ncxd4!?}
cxd4 (31... exd4 32. Qd2 $13 Nxf2+ $2 33. Kg1 $19) 32. f4 $1 exf4 33. Qd1 f3
34. Bxh3 gxh3 35. Bb2 $16) 30... gxh3 {/\Nh4} 31. Qf3 $5 (31. f3 $5) 31... Rf7
32. Ne3 Ref8 33. Nd5 $5 (33. Nxf5 $5) 33... Qg6 34. Rxf7 Qxf7 35. Be3 $2 (35.
Qe4 $1) 35... Qe8 $1 36. Na7 Nd4 37. Qd1 Nf3+ 38. Kh1 Bg4 $19 39. Qc1 Qf7 $1
40. Nb5 Nd2 $1 41. f4 Nxf1 42. Qxf1 Qh5 43. Ndc3 exf4 44. Bxf4 Re8 45. Bd2 Be2
0-1

[Event "Oberliga NRW 9293 II"]
[Site "Germany"]
[Date "1992.??.??"]
[Round "?.1"]
[White "Schneider, Bernd"]
[Black "Dautov, Rustem"]
[Result "1/2-1/2"]
[WhiteElo "2415"]
[BlackElo "2625"]
[Annotator "Dautov,R"]
[PlyCount "84"]
[EventDate "1992.10.??"]
[EventType "team"]
[EventRounds "10"]
[EventCountry "GER"]
[SourceTitle "CBM 033"]
[Source "ChessBase"]
[SourceDate "1993.04.01"]
[SourceVersion "1"]
[SourceVersionDate "1993.04.01"]
[SourceQuality "1"]
[WhiteTeam "Solingen"]
[BlackTeam "Gelsenkirchen"]
[WhiteTeamCountry "GER"]
[BlackTeamCountry "GER"]

1. c4 e5 2. g3 Nc6 3. Bg2 g6 4. Nc3 Bg7 5. Rb1 f5 6. d3 Nf6 7. b4 O-O 8. b5 Ne7
9. Qb3 $1 (9. Nf3 d6 10. O-O) 9... d6 10. Nf3 (10. e3 Kh8 11. Nge2 g5 12. f4
gxf4 13. exf4 Ng6 14. O-O a6 15. a4 axb5 16. axb5 Qe7 17. Kh1 h5 18. fxe5 dxe5
19. Bg5 Qd6 20. Qb4 Qxb4 21. Rxb4 Nh7 22. Be3 Rd8 23. Nd5 Ra3 {Goldin,
A-Yusupov,A Tilburg (30') 1992}) 10... Kh8 (10... Be6 $6 11. Ng5 Bc8 12. c5+ d5
13. e4 c6 14. O-O Kh8 15. exd5 Nexd5 16. Nxd5 Nxd5 17. Re1 $16) (10... h6 $6
11. c5+ Kh8 12. cxd6 cxd6 13. Ba3 g5 14. O-O Ng6 15. Nd2 $16) 11. O-O (11. c5
e4 12. cxd6 cxd6 13. dxe4 fxe4 14. Ng5 d5 $13) 11... Nd7 $5 (11... h6 $6 12. c5
Nd7 (12... e4 13. cxd6 cxd6 14. dxe4 fxe4 15. Nd4 d5 16. Ba3 $16) 13. cxd6 cxd6
14. Ba3 Nc5 15. Bxc5 dxc5 16. Na4 $16) 12. Ba3 (12. a4 $1 Nc5 13. Qc2 Be6 14.
Ba3 h6 15. e3 $14) 12... h6 (12... Nc5 $2 13. Bxc5 dxc5 14. Na4 Qd6 15. Qa3 a6
16. b6 $16) (12... a6 $5 13. b6 $140 $6 c5 $1) 13. Nd5 $2 (13. e3 g5 $13) (13.
Nd2 $5) 13... Nxd5 14. cxd5 a6 $1 15. bxa6 Rxa6 16. Rfc1 b6 17. Nd2 Nc5 18.
Bxc5 bxc5 19. Nc4 Bd7 20. a3 Ra7 $17 21. e4 f4 22. Rb2 h5 23. Rcb1 Ra8 24. Qd1
h4 25. Qe1 f3 26. Bf1 Bh6 27. Ra1 Rf7 28. Raa2 Qf6 $2 {(+)} (28... g5 $1 {
/\g4,Qg5}) 29. a4 $1 hxg3 (29... Rxa4 30. Rxa4 Bxa4 31. Bh3 hxg3 32. hxg3 $132)
30. fxg3 (30. hxg3 $2 Rh7 $19) 30... Rxa4 31. Rxa4 Bxa4 32. Bh3 $2 (32. Rf2 $1
$10) 32... Rf8 $2 (32... Qg5 $1 $17 33. Rf2 $140 Bb5) 33. Rf2 $10 Qg5 34. Qf1
Qc1 35. Qxc1 Bxc1 36. Rf1 Bh6 37. Ra1 $1 f2+ (37... Bc2 38. Bf1 $10) 38. Kf1
Bc2 39. Ke2 Rb8 40. Bf1 Rb3 $6 41. Ra8+ Kg7 42. Kxf2 Rb7 $1 1/2-1/2